[Event "Nichelino Berruto Memorial 19th"]
[Site "Nichelino"]
[Date "2016.03.04"]
[Round "4"]
[White "Cadario, Mario"]
[Black "Bruno, Rocco"]
[Result "0-1"]
[WhiteElo "1575"]
[BlackElo "1475"]
[PlyCount "64"]
[EventDate "2016.02.12"]
[EventType "swiss"]
[EventRounds "6"]
[EventCountry "ITA"]
[SourceTitle "EXT 2018"]
[Source "ChessBase"]
[SourceDate "2017.10.13"]
[SourceVersion "1"]
[SourceVersionDate "2017.10.13"]
[SourceQuality "1"]

1. d4 e6 2. c4 c6 3. Nc3 Nf6 4. Bg5 Be7 5. Nf3 h6 6. Bf4 d5 7. e3 c5 8. Qc2 cxd4 9. Nxd4 Nbd7 10. cxd5 e5 11. Ndb5 a6 12. d6 axb5 13. dxe7 Qxe7 14. Bg3 b4 15. Nb5 0-0 16. Bc4 Nc5 17. 0-0 Nce4 18. Rfd1 Bf5 19. Qb3 Rad8 20. Be2 Rc8 21. Bc4 Rfd8 22. Rac1 Bg4 23. f3 Nxg3 24. hxg3 Bd7 25. Nd6 Ba4 26. Qxa4 Rxd6 27. Bxf7+ Kxf7 28. Rxc8 Ra6 29. Qb3+ Kg6 30. Qc2+ e4 31. fxe4 Nxe4 32. Qxe4+ Qxe4 0-1